BOTW Hyrule Regions - Statistics

General Stats
  • This quiz has been taken 46 times
  • The average score is 8 of 15
Answer Stats
Answer % Correct
Akkala
87%
Faron
85%
Hebra
82%
Eldin
74%
Lanayru
74%
Central Hyrule
62%
Great Plateau
62%
Tabantha
49%
Hateno
38%
Gerudo Highlands
36%
Dueling Peaks
26%
Great Hyrule Forest
26%
Lake Hylia
23%
Ridgeland
18%
Gerudo Wasteland
13%
No matching quizzes found
Score Distribution
Percent of People with Each Score
Percentile by Number Answered
Your Score History
You have not taken this quiz